Curso de Direito Internacional Público - 13ª Edição (Record no. 7804)
[ view plain ]
| 000 -LEADER | |
|---|---|
| fixed length control field | 00500nam a22001817a 4500 |
| 003 - CONTROL NUMBER IDENTIFIER | |
| control field | TZ-ArACH |
| 005 - DATE AND TIME OF LATEST TRANSACTION | |
| control field | 20260206141121.0 |
| 020 ## - INTERNATIONAL STANDARD BOOK NUMBER | |
| International Standard Book Number | 9786555594881 |
| 050 ## - LIBRARY OF CONGRESS CALL NUMBER | |
| Classification number | KZ1237 |
| Item number | .G84 2021 |
| 100 ## - MAIN ENTRY--PERSONAL NAME | |
| Personal name | Guerra, Sidney |
| 245 ## - TITLE STATEMENT | |
| Title | Curso de Direito Internacional Público - 13ª Edição |
| 250 ## - EDITION STATEMENT | |
| Edition statement | 13ª Edição |
| 260 ## - PUBLICATION, DISTRIBUTION, ETC. (IMPRINT) | |
| Place of publication, distribution, etc | Sao Paolo (Brazil) : |
| Name of publisher, distributor, etc | Saraiva Jur ; |
| Date of publication, distribution, etc | 2021. |
| 300 ## - PHYSICAL DESCRIPTION | |
| Extent | 814 p. |
| Other physical details | Illustrations |
| 504 ## - BIBLIOGRAPHY, ETC. NOTE | |
| Bibliography, etc | References |
| 650 ## - SUBJECT ADDED ENTRY--TOPICAL TERM | |
| Topical term or geographic name as entry element | International law |
| Form subdivision | Study Courses |
| 942 ## - ADDED ENTRY ELEMENTS (KOHA) | |
| Source of classification or shelving scheme | Library of Congress Classification |
| Koha item type | Books |
| Home library | Current library | Date acquired | Full call number | Barcode | Koha item type |
|---|---|---|---|---|---|
| African Court on Human and Peoples' Rights Library | African Court on Human and Peoples' Rights Library | 06/02/2026 | 1004440X | KZ1237 .G84 2021 | Books |
